Datum a čas kvízu
24.5
Celkem bodů
Celkový počet nahraných bodů na tomto kvízu bez doplňovacích otázek.
10.
Pořadí na kvízu
Konečné umístění týmu na tomto kvízu.
Zaznamenané odpovědi
| # | Otázka | Odpověď | Body | Výsledky |
|---|---|---|---|---|
| 1. | Vozidla taxislužeb již zřejmě... | taxametrem | 1 | |
| 2. | Jeden z favoritů prezidentskýc... | Zuzana Čaputová | 0 | |
| 3. | Jistá služba internetového úlo... | Ulož.to | 1 | |
| 4. | Irský oděvní řetězec, populárn... | Primark | 1 | |
| 5. | Norský biatlonista Johannes Th... | na střelnici vystřelil méněkrát, než je povoleno | 0 | |
| 6. | Praha, Plzeň, Pardubice, Příbr... | Prachatice | 1 | |
| 7. | Francium, rubidium, cesium, dr... | lithium (Li) | 0 | |
| 8. | Schillerová, Babiš, Kalousek,... | Jan Fischer | 1 | |
| 9. | Bohdalová, Kubišová, Rettigová... | Božena Němcová | 0 | |
| 10. | Komedie omylů, Zkrocení zlé že... | Mnoho povyku pro nic | 1 |